000 00996nam a2200241Ia 4500
001 1645
003 GE_BSU
008 181216s||||||||xx |||||||||||||| ||und||
020 _a9789941174131
040 _cGE_BSU
080 _a341.217(4)
100 _aმანველიძე, ირაკლი
245 _aევროკავშირი–გლობალური საერთაშორისო ფაქტორი.
245 _bშოთა რუსთაველის ცახ.უნ–ტი სოციალურ მეცნ. დეპარტამენტი.
245 _cრედ. კახაბერ სურგულაძე
260 _aთბილისი
260 _bუნივერსალი
260 _c2011
300 _a163 გვ, 19 სმ.
541 _h7 ლ.
653 _aევროკავშირი–გლობალური საერთაშორისო ფაქტორი.
942 _cBK
999 _c35765
_d35765